00554nam a22001457a 450000500170000000800410001702000180005808200170007624501680009326000510026130000340031249000110034650000310035765000200038820240326120440.0240326b |||||||| |||| 00| 0 eng d a9780195471431 a338.91bNGOs aManaging NGOs in developing countries (vol-1) :bconcepts, frameworks and cases /cLUMS-McGill social enterprise development center ; [Editor] Zafar Iqbal Qureshi aPakistan :bOxford University Press ,cc2005 . avii, 271 p. :bill ; c24 cm. vvol-1. aGifted by LUMS University. aSocial Sciences